000 00788 a2200229 4500
005 20251211145225.0
008 251211b |||||||| |||| 00| 0 eng d
020 _a9781666923483 (hbk)
037 _cTB
040 _aCRL
_cCRL
084 _aO111:g(G:5) R4
_qCRL
245 _aEco-concepts:
_bcritical reflections in emerging ecocritical theory and ecological thought
260 _bLexington Books
_c2024
_aLanham
300 _a250p.
365 _b 88.00
_cUKP
650 _2English literature
650 _2Environment
700 _aTan, Cenk
_eEditor
_9856013
700 _aAltac, Ismail Serdar
_eEditor
_9856014
942 _cTB
_2CC
_n0
_hO111:g(G:5) R4
999 _c1464815
_d1464815